00664 2200241 4500001002100000005001500021035002000036007000300056008004100059020001800100082001100118084001700129100001800146245007700164250001100241260004100252300001200293500006500305650002100370856001700391990000700408990000700415INLIS00000000000004620220121100854 a0010-0122000046ta220121 0 ind  a9786028225236 a001.43 a001.43 WAH s0 aWahyudin, dkk1 a99 Percobaan sehari-hari ? :bbereksperimen dengan bahan-bahan sederhana aSeri 4 aJakarta :bArmandelta Selaras,c2009 a101 hlm aMengajak peserta didik untuk belajar sains lewat eksperimen. 4aPercobaan Ilmiah aKoleksi Umum a45 a46